Selmecbányai Vörösujság A Selmecbányai szocialista párt hivatalos lapja

Bibliographic Details
Corporate Author: Selmecbányai szocialista párt vezetősége (Publisher)
Other Authors: Paulovics, István (Publishing director)
Format: Journal
Language:Hungarian
PhysicalDescription:1 čís. 42 x 30 cm
Published: Banská Štiavnica A Selmecbányai Szocialista Párt vezetősége 1919

MARC

LEADER 00000nas a22000001a 4500
001 vtls010299316
003 SK-MaSNL
005 20260228161859.0
008 110809d19191919xo u p r 0 b0hun
015 |a SNBDS17XX9999 
015 |a 1435  |2 Kipsová 1919-38 
038 |a SNKBUDS 
040 |a SNK  |b slo  |c SNK  |e AACR2 
041 0 |a hun 
044 |a xo  |c SK 
245 0 0 |a Selmecbányai Vörösujság  |b A Selmecbányai szocialista párt hivatalos lapja 
260 |a Banská Štiavnica  |b A Selmecbányai Szocialista Párt vezetősége  |c 1919 
300 |a 1 čís.  |c 42 x 30 cm 
310 |a Periodicita sa nedá určiť 
362 1 |a Spracované iba číslo 1 z 8. júna 1919  |z Citované z: Bibliografia slov. a inoreč. nov. a čas. 1919-38 / M. Kipsová 
500 |a Vych. v Banskej Štiavnici 
500 |a Zodp. red. István Paulovics 
500 |a Vyd. A Selmecbányai Szocialista Párt vezetősége 
500 |a Bez tlač. údajov 
500 |a Vychádzal počas trvania Maďarskej republiky rád. Spracované iba číslo 1 z 8. júna 1919 
505 8 0 |g Roč. I. 1919 čís. 1. 
700 1 |a Paulovics, István  |4 pbd  |9 269832 
710 2 |a Selmecbányai szocialista párt vezetősége  |e vydav.  |9 269833 
852 |a SNK  |b 10000  |h ČSA 675 
852 |a Miestne múzeum, Banská Štiavnica 
999 |c 6155  |d 8085